000 01217cam a22003014a 4500
001 14240412
003 ARRUPE
005 20141103125717.0
008 060125r20061978nju b 001 0 eng
010 _a 2006040705
020 _a020230843X (alk. paper)
035 _a(OCoLC)ocm63245622
040 _aDLC
_cDLC
_dYDX
_dBAKER
_dDLC
042 _apcc
050 0 0 _aGN495.6
_b.E67 2006
082 0 0 _a305.8
_222
100 1 _aEpstein, A. L.
_q(Arnold Leonard)
_912318
245 1 0 _aEthos and identity :
_bthree studies in ethnicity /
_cA.L. Epstein ; with a new introduction by Athena S. Leoussi.
260 _aNew Brunswick, N.J. :
_bAldine Transaction,
_cc2006.
300 _axxviii, 181 p. ;
_c23 cm.
500 _aOriginally published: London : Tavistock Publications ; Chicago : Aldine Pub. Co., 1978.
504 _aIncludes bibliographical references (p. [168]-174) and indexes.
650 0 _aEthnicity.
_912319
856 4 1 _3Table of contents only
_uhttp://www.loc.gov/catdir/toc/fy0614/2006040705.html
906 _a7
_bcbc
_corignew
_d1
_eocip
_f20
_gy-gencatlg
942 _2lcc
_cMONOGRAPH
999 _c121156
_d121156